[Event "hadrians wall tournament"]
[Site "SchemingMind.com"]
[Date "2013.07.11"]
[Round "-"]
[White "Scooter"]
[Black "Iucounu"]
[Result "1-0"]
[WhiteCountry "USA"]
[BlackCountry "ENG"]
[WhiteElo "1756"]
[WhiteRD "49"]
[BlackElo "1487"]
[BlackRD "50"]
[GameID "334458"]

1. d4 Nf6 2. Bf4 d5 3. Nf3 e6 4. e3 c5 5. c3 Nc6 6. Bb5 Qb6 7. Qb3 c4 8. Bxc6+ bxc6 9. Qxb6 axb6 10. O-O Be7
11. Nbd2 O-O 12. Ne5 Nd7 13. Nxc6 Bd8 14. Nf3 Bb7 15. Nxd8 Rfxd8 16. Ne5 Nxe5 17. Bxe5 Bc6 18. Bc7 Rd7 19. Bxb6 Rb8 20. Bc5 Rxb2
21. a4 Rd8 22. a5 Ra8 23. a6 f6 24. a7 Kf7 25. Rab1 Ra2 26. Ra1 Ra4 27. Rxa4 Bxa4 28. Rb1 Bb3 29. Ra1 Ke8 30. Ra6 e5
31. Rb6
1-0

[Event "hadrians wall tournament"]
[Site "SchemingMind.com"]
[Date "2013.07.11"]
[Round "-"]
[White "Iucounu"]
[Black "Scooter"]
[Result "0-1"]
[WhiteCountry "ENG"]
[BlackCountry "USA"]
[WhiteElo "1487"]
[WhiteRD "50"]
[BlackElo "1756"]
[BlackRD "49"]
[GameID "334463"]

1. e4 c6 2. d4 d5 3. Nc3 dxe4 4. Nxe4 Bf5 5. Ng3 Bg6 6. h4 h6 7. h5 Bh7 8. Nf3 Nd7 9. Bd3 Bxd3 10. Qxd3 Qc7
11. Bd2 O-O-O 12. d5 Ne5 13. Nxe5 Qxe5+ 14. Qe3 Rxd5 15. O-O-O Qxe3 16. Bxe3 b6 17. Rxd5 cxd5 18. Nf5 Kd7 19. Bf4 e6 20. Nd4 Nf6
21. f3 Bc5 22. Nb3 Rc8 23. Kd1 Bd6 24. Bxd6 Kxd6 25. c3 Nd7 26. g4 Ne5 27. Nd4 Nd3 28. Rh2 a6 29. Rd2 Nf4 30. Kc2 b5
31. a3 g6 32. hxg6 fxg6 33. Ne2 Nxe2 34. Rxe2 Rf8 35. Rf2 e5 36. Kd3 e4+ 37. Ke3 exf3 38. Rxf3 Rxf3+ 39. Kxf3 Ke5 40. b3 a5
41. b4 a4 42. Ke3 h5
0-1

[Event "hadrians wall tournament"]
[Site "SchemingMind.com"]
[Date "2013.07.21"]
[Round "-"]
[White "simpet"]
[Black "emvarela"]
[Result "1-0"]
[WhiteCountry "ENG"]
[BlackCountry "ARG"]
[WhiteElo "1656"]
[WhiteRD "59"]
[BlackElo "1731"]
[BlackRD "49"]
[GameID "334855"]

1. e4 e5 2. Bc4 Nf6 3. d4 exd4 4. Qxd4 Nc6 5. Qc3 Bb4 6. Qxb4 Qe7 7. Qxe7+ Kxe7 8. f3 d6 9. Bg5 Be6 10. Bxe6 fxe6
11. Ne2 h6 12. Bh4 Nb4 13. Na3 g5 14. Bg3 c6 15. O-O-O d5 16. exd5 Nbxd5 17. Nc4 Rad8 18. Ne5 Rh7 19. Rd3 Nh5 20. Rhd1 Nxg3
21. Nxg3 h5 22. c4
1-0

[Event "hadrians wall tournament"]
[Site "SchemingMind.com"]
[Date "2013.07.21"]
[Round "-"]
[White "emvarela"]
[Black "simpet"]
[Result "1-0"]
[WhiteCountry "ARG"]
[BlackCountry "ENG"]
[WhiteElo "1741"]
[WhiteRD "47"]
[BlackElo "1710"]
[BlackRD "57"]
[GameID "334865"]

1. e4 e5 2. Nf3 Nc6 3. d4 exd4 4. c3 Nf6 5. e5 Nd5 6. Qb3 Nb6 7. cxd4 d6 8. Bb5 Bd7 9. Bxc6 Bxc6 10. O-O Be7
11. exd6 Qxd6 12. Ne5 O-O 13. Nxc6 Qxc6 14. Be3 Rad8 15. Rc1 Qd7 16. Nd2 Bd6 17. Nf3 Rde8 18. Rc2 Re6 19. d5 Nxd5 20. Re1 b6
21. Rce2 Rfe8 22. Kf1 Nb4 23. Nd4 Rg6 24. g3 Qh3+ 25. Kg1 Re4 26. Bd2 Rxe2 27. Rxe2 h6 28. Re8+ Kh7 29. Qxf7 Rf6 30. Qg8+ Kg6
31. Ne6 Rf7 32. Nxg7 Rxg7 33. Re6+ Kf5 34. Qc8
1-0

[Event "hadrians wall tournament"]
[Site "SchemingMind.com"]
[Date "2013.07.18"]
[Round "-"]
[White "Shoeless418"]
[Black "lennart"]
[Result "1-0"]
[WhiteCountry "USA"]
[BlackCountry "SWE"]
[WhiteElo "1572"]
[WhiteRD "108"]
[BlackElo "1484"]
[BlackRD "63"]
[GameID "335078"]

1. Nf3 d6 2. b3 e5 3. h3 h6 4. Bb2 Nc6 5. c4 b6 6. Nc3 Nf6 7. e3 Be7 8. Be2 a6 9. g4 O-O 10. a3 e4
11. Nh2 Ne5 12. Qc2 Bd7 13. g5 hxg5 14. Ng4 Bxg4 15. hxg4 Qd7 16. Nxe4 g6 17. f3 Kg7 18. O-O-O Rg8 19. Nxg5 c5 20. Rdg1 a5
21. Ne4 Kf8 22. Nxf6 Bxf6 23. f4 Ke8 24. fxe5 dxe5 25. g5 Be7 26. Bxe5 a4 27. Rg2 Qc6 28. Rgh2 Ra7 29. Rh8 Rxh8 30. Rxh8+ Bf8
31. Qc3 Qg2 32. Bd1
1-0

[Event "hadrians wall tournament"]
[Site "SchemingMind.com"]
[Date "2013.07.18"]
[Round "-"]
[White "lennart"]
[Black "Shoeless418"]
[Result "0-1"]
[WhiteCountry "SWE"]
[BlackCountry "USA"]
[WhiteElo "1484"]
[WhiteRD "63"]
[BlackElo "1572"]
[BlackRD "108"]
[GameID "335083"]

1. e4 Nf6 2. d3 d6 3. h3 g6 4. a3 c5 5. Nf3 Nc6 6. Nc3 Bg7 7. Be2 Qa5 8. Bd2 b5 9. Nd5 Qd8 10. Nxf6+ Bxf6
11. c3 Bg7 12. O-O Bb7 13. a4 b4 14. cxb4 Nxb4 15. d4 Bxe4 16. Bb5+ Nc6 17. Bc1 a6 18. Be2 Nxd4 19. Nxd4 Bxd4 20. Re1 Qb8
21. Bb5+ axb5 22. Rxe4 b4 23. Bh6 Bxb2 24. Rb1 Be5 25. g3 f6 26. Be3 h5 27. h4 Ra6 28. Qb3 Qb7 29. Rc4 Qd7 30. Rd1 g5
31. Bxc5 Qh3 32. Bxd6 Bxd6 33. Rc8+ Qxc8
0-1

[Event "hadrians wall tournament"]
[Site "SchemingMind.com"]
[Date "2013.07.20"]
[Round "-"]
[White "kenneth m day"]
[Black "cnile"]
[Result "1-0"]
[WhiteCountry "USA"]
[BlackCountry "SCO"]
[WhiteElo "1768"]
[WhiteRD "51"]
[BlackElo "1507"]
[BlackRD "63"]
[GameID "335159"]

1. e4 c5 2. d4 cxd4 3. c3 dxc3 4. Nxc3 e5 5. Nf3 Nc6 6. Bc4 Nf6 7. Ng5 d5 8. exd5 Nxd5 9. Nxd5 Bc5 10. Nxf7 Qf6
11. Nxf6+
1-0

[Event "hadrians wall tournament"]
[Site "SchemingMind.com"]
[Date "2013.07.20"]
[Round "-"]
[White "Michal Drus"]
[Black "Simon Green"]
[Result "0-1"]
[WhiteCountry "POL"]
[BlackCountry "ENG"]
[WhiteElo "1644"]
[WhiteRD "70"]
[BlackElo "1556"]
[BlackRD "82"]
[GameID "335160"]

1. e4 e6 2. d4 d5 3. Nd2 Nf6 4. e5 Nfd7 5. Ngf3 c5 6. c3 c4 7. b3 b5 8. a4 Ba6 9. a5 Nc6 10. Ba3 Bxa3
11. Rxa3 O-O 12. Be2 Qe7 13. b4 f5 14. O-O Bb7 15. a6 Bc8 16. Qa1 Nb6 17. Re1 Na4 18. Bd1 Nb6 19. Nf1 Bd7 20. Qc1 h6
21. Nh4 Be8 22. Nf3 Nb8 23. Ra5 Bc6 24. Ng3 Na4 25. Ne2 Nd7 26. Bxa4 bxa4 27. b5 Nc5 28. Qb1 Nb3 29. Rxa4 Bxb5 30. Rb4 Bxa6
31. Nc1 Nxc1 32. Rxc1 Qc7 33. Qa2 Bb7 34. Rcb1 Rfb8 35. Nh4 a5 36. Rb5 g5 37. Rc5 Bc6 38. Ng6 Kg7 39. Rxb8 Rxb8 40. Rxc6 Qxc6
41. Ne7 Qa4
0-1

[Event "hadrians wall tournament"]
[Site "SchemingMind.com"]
[Date "2013.07.20"]
[Round "-"]
[White "cnile"]
[Black "kenneth m day"]
[Result "0-1"]
[WhiteCountry "SCO"]
[BlackCountry "USA"]
[WhiteElo "1443"]
[WhiteRD "64"]
[BlackElo "1770"]
[BlackRD "52"]
[GameID "335166"]

1. Nf3 Nf6 2. c4 g6 3. d4 Bg7 4. Nc3 d5 5. cxd5 Nxd5 6. e4 Nxc3 7. bxc3 c5 8. Bc4 O-O 9. Be3 Nc6 10. O-O Bg4
11. h3 Bxf3 12. Qxf3 Rc8 13. Rab1 b6 14. Rbd1 Qc7 15. Rfe1 cxd4 16. Bxd4 Nxd4
0-1

[Event "hadrians wall tournament"]
[Site "SchemingMind.com"]
[Date "2013.07.20"]
[Round "-"]
[White "Simon Green"]
[Black "Michal Drus"]
[Result "0-1"]
[WhiteCountry "ENG"]
[BlackCountry "POL"]
[WhiteElo "1534"]
[WhiteRD "89"]
[BlackElo "1746"]
[BlackRD "71"]
[GameID "335167"]

1. d4 d5 2. e3 Nf6 3. Bd3 c5 4. c3 Bg4 5. f3 Bd7 6. f4 c4 7. Bc2 e6 8. Nf3 Bd6 9. O-O h5 10. Ne5 Bxe5
11. fxe5 Ng4 12. e4 Qh4 13. Bf4 Rh6 14. h3 Rg6 15. Qf3 Bc6 16. Bg5 Qxg5 17. Qxf7+ Kd8 18. Qf8+ Be8 19. Qd6+ Nd7 20. exd5 Ne3
21. Bxg6 Qxg2#
0-1

[Event "hadrians wall tournament"]
[Site "SchemingMind.com"]
[Date "2013.07.27"]
[Round "-"]
[White "Holty"]
[Black "poisonpawn1"]
[Result "1-0"]
[WhiteCountry "ENG"]
[BlackCountry "ENG"]
[WhiteElo "1643"]
[WhiteRD "59"]
[BlackElo "1361"]
[BlackRD "69"]
[GameID "335457"]

1. d4 d6 2. e4 g6 3. Nf3 Bg7 4. Nc3 Nf6 5. Be2 Bg4 6. b3 O-O 7. Bb2 Re8 8. O-O a6 9. h3 Bd7 10. Qd2 c6
11. a4 Kh8 12. Qd3 Nh5 13. Bc1 Nf6 14. Bd2 c5 15. d5 e5 16. Bg5 h6 17. Be3 Qc8 18. Rfc1 a5 19. Qd2 Bxh3 20. Bxh6 Qg4
21. Qg5 Qxg5 22. Bxg5 Bd7 23. Bb5 Nh7 24. Bxd7 Nxd7 25. Nb5 Nxg5 26. Nxg5 Bh6 27. Nxf7+ Kg7 28. Nxh6 Kxh6 29. Nxd6 Rf8 30. Nxb7 Ra6
31. Rd1 Raf6 32. f3 g5 33. Kf2 g4 34. Rd3 gxf3 35. Rxf3 Kg5 36. Rxf6 Rxf6+ 37. Ke3 Rf4 38. g3 Rg4 39. Kf3
1-0

[Event "hadrians wall tournament"]
[Site "SchemingMind.com"]
[Date "2013.07.26"]
[Round "-"]
[White "poisonpawn1"]
[Black "Holty"]
[Result "0-1"]
[WhiteCountry "ENG"]
[BlackCountry "ENG"]
[WhiteElo "1497"]
[WhiteRD "79"]
[BlackElo "1636"]
[BlackRD "67"]
[GameID "335462"]

1. d4 e6 2. Nf3 f5 3. e3 Nf6 4. Nc3 c6 5. Be2 d5 6. Ne5 Nbd7 7. Nxd7 Bxd7 8. O-O Bd6 9. f4 Qc7 10. Bh5+ g6
11. Bf3 Ne4 12. Ne2 O-O-O 13. c3 Be7 14. Bd2 h5 15. Qc2 h4 16. Bxe4 fxe4 17. h3 Rdf8 18. c4 Kb8 19. c5 Rhg8 20. Qb3 g5
21. fxg5 Bxg5 22. a4 e5 23. Rxf8+ Rxf8 24. dxe5 Qxe5 25. a5 a6 26. Qc3 Qf5 27. Nf4 Bh6 28. Rf1 Rg8 29. Ne2 Qxh3 30. Nf4 Bxf4
31. Rf2 Qh2+ 32. Kf1 Qh1+ 33. Ke2 Bg4+ 34. Rf3 Bxf3+ 35. gxf3 Rg2#
0-1

[Event "hadrians wall tournament"]
[Site "SchemingMind.com"]
[Date "2013.07.29"]
[Round "-"]
[White "APB"]
[Black "samprabhur"]
[Result "0-1"]
[WhiteCountry "ENG"]
[BlackCountry "USA"]
[WhiteElo "1619"]
[WhiteRD "72"]
[BlackElo "1937"]
[BlackRD "95"]
[GameID "335593"]

1. e4 e5 2. Nf3 Nc6 3. Bc4 Nf6 4. Ng5 d5 5. exd5 Na5 6. Bb5+ c6 7. dxc6 bxc6 8. Qf3 Bb7 9. Ba4 h6 10. Ne4 Be7
11. d3 Qd4 12. Nbc3 Nxe4 13. dxe4 Ba6 14. Bd2 O-O 15. O-O-O Qb6 16. Be3 Qb7 17. Qg3 Nc4 18. b3 Nxe3 19. Qxe3 Bg5
0-1

[Event "hadrians wall tournament"]
[Site "SchemingMind.com"]
[Date "2013.07.29"]
[Round "-"]
[White "samprabhur"]
[Black "APB"]
[Result "1-0"]
[WhiteCountry "USA"]
[BlackCountry "ENG"]
[WhiteElo "1937"]
[WhiteRD "95"]
[BlackElo "1619"]
[BlackRD "72"]
[GameID "335597"]

1. e4 c5 2. Nc3 e6 3. f4 d5 4. Bb5+ Bd7 5. Qe2 d4 6. Nd1 a6 7. Bxd7+ Qxd7 8. d3 g6 9. Nf3 Bg7 10. O-O Ne7
11. e5 f6 12. exf6 Bxf6 13. Nf2 Nbc6 14. Ne4 Bg7 15. Nxc5 Qc8 16. Nxe6 Bf6 17. f5 gxf5 18. Bg5 Kf7 19. Bxf6 Kxf6 20. Rae1 Ng6
21. Nfg5 h6 22. Rxf5+
1-0

[Event "hadrians wall tournament"]
[Site "SchemingMind.com"]
[Date "2013.08.02"]
[Round "-"]
[White "SAMAEL"]
[Black "mochiron"]
[Result "1-0"]
[WhiteCountry "CAN"]
[BlackCountry "JPN"]
[WhiteElo "1744"]
[WhiteRD "62"]
[BlackElo "1368"]
[BlackRD "83"]
[GameID "335665"]

1. e4 c5 2. Nf3 Nc6 3. Nc3 d6 4. Be2 e5 5. O-O Nf6 6. h3 h5 7. d3 Be7 8. a3 Ng4 9. Nh2 f5 10. exf5 Bxf5
11. hxg4 Bxg4 12. Nxg4 hxg4 13. Bxg4 Bg5 14. Nd5 Ne7 15. Bxg5 O-O 16. Bxe7 Qb8 17. Bxf8 Qxf8 18. Be6+ Kh8 19. Qh5#
1-0

[Event "hadrians wall tournament"]
[Site "SchemingMind.com"]
[Date "2013.08.02"]
[Round "-"]
[White "mochiron"]
[Black "SAMAEL"]
[Result "0-1"]
[WhiteCountry "JPN"]
[BlackCountry "CAN"]
[WhiteElo "1302"]
[WhiteRD "71"]
[BlackElo "1672"]
[BlackRD "57"]
[GameID "335669"]

1. f4 Nf6 2. Nf3 Nc6 3. e3 e6 4. Be2 Be7 5. O-O O-O 6. d4 h6 7. Bd2 d5 8. a3 a6 9. Nc3 Bd7 10. Ne5 Nxe5
11. dxe5 Nh7 12. Bg4 c6 13. e4 Rb8 14. f5 Bg5 15. Bxg5 Qxg5 16. exd5 cxd5 17. h3 Qe3+ 18. Kh1 Qxe5 19. fxe6 fxe6 20. Rxf8+ Rxf8
21. Qd3 Nf6 22. Bf3 Bc6 23. Qd2 Nh7 24. Rf1 Ng5 25. Ne2 Nxf3 26. Rxf3 Rxf3 27. Nc3 Rf1#
0-1

[Event "hadrians wall tournament"]
[Site "SchemingMind.com"]
[Date "2013.09.14"]
[Round "-"]
[White "Holty"]
[Black "Scooter"]
[Result "0-1"]
[WhiteCountry "ENG"]
[BlackCountry "USA"]
[WhiteElo "1643"]
[WhiteRD "59"]
[BlackElo "1747"]
[BlackRD "50"]
[GameID "338254"]

1. d4 Nf6 2. Nd2 d5 3. Ngf3 g6 4. e3 Bg4 5. Bd3 Bg7 6. c4 e6 7. Qb3 b6 8. Ne5 Bf5 9. O-O Bxd3 10. Qxd3 O-O
11. b4 Nfd7 12. Nxd7 Nxd7 13. Bb2 dxc4 14. Nxc4 c5 15. Bc3 cxd4 16. exd4 Ne5 17. Nxe5 Bxe5 18. Rfd1 Bg7 19. b5 Rc8 20. Rac1 Qd5
21. a4 Rc7 22. Qb1 Rfc8 23. Qb2 Bxd4 24. Bxd4 Rxc1 25. Rxc1 Rxc1+ 26. Qxc1 Qxd4 27. h3 Qxa4 28. Qc8+ Kg7 29. Qc3+ f6 30. Qc7+ Kh6
31. Qc1+ g5 32. Qc6 Qd1+ 33. Kh2 Qe2 34. Kg1 Qe1+ 35. Kh2 Qxf2 36. Qxe6 Qf4+ 37. Kg1 Qe5 38. Qc6 Qc5+ 39. Kh2 Kg6 40. Qe4+ Kg7
41. Qb7+ Kh6 42. Qc6 Qe7 43. g4 Kg7 44. Qd5 Qe5+ 45. Qxe5 fxe5 46. Kg2 Kf6 47. Kf3 Ke6 48. Ke4 h6
0-1

[Event "hadrians wall tournament"]
[Site "SchemingMind.com"]
[Date "2013.09.13"]
[Round "-"]
[White "Scooter"]
[Black "Holty"]
[Result "1/2-1/2"]
[WhiteCountry "USA"]
[BlackCountry "ENG"]
[WhiteElo "1747"]
[WhiteRD "50"]
[BlackElo "1643"]
[BlackRD "59"]
[GameID "338256"]

1. d4 e6 2. Nf3 f5 3. Bg5 Nf6 4. e3 c6 5. Bd3 d5 6. O-O Be7 7. Nbd2 O-O 8. c4 Ne4 9. Bxe7 Qxe7 10. Ne5 Nd7
11. Nxd7 Bxd7 12. f3 Nf6 13. c5 b6 14. b4 b5 15. a4 a6 16. axb5 axb5 17. Nb3 Rfb8 18. Qc2 Qd8 19. Na5 Qc7 20. Ra2 Be8
21. Rfa1 g5 22. Kf2 Qxh2 23. Kf1 g4 24. f4 Qh1+ 25. Kf2 Qh4+ 26. Ke2 Qh2 27. Kf1 Qh1+ 28. Kf2 Qh4+ 29. Ke2 Qh2 30. Kf1
1/2-1/2

[Event "hadrians wall tournament"]
[Site "SchemingMind.com"]
[Date "2013.09.19"]
[Round "-"]
[White "simpet"]
[Black "Shoeless418"]
[Result "1-0"]
[WhiteCountry "ENG"]
[BlackCountry "USA"]
[WhiteElo "1710"]
[WhiteRD "63"]
[BlackElo "1617"]
[BlackRD "100"]
[GameID "338608"]

1. e4 Nf6 2. Nc3 d6 3. h3 a6 4. d4 g6 5. Bc4 b5 6. Bb3 Nc6 7. Nf3 e6 8. Bg5 Na5 9. O-O h6 10. Bh4 g5
11. Bg3 Nxb3 12. cxb3 b4 13. Na4 Nxe4 14. d5 Nxg3 15. fxg3 Bg7 16. dxe6 fxe6 17. Nd2 Bb7 18. Qh5+ Kd7 19. Qf7+ Qe7 20. Qg6 Rhg8
21. Qc2 a5 22. Rac1 Rac8 23. Qc4 c5 24. Nb6+ Kc6 25. Nxc8 Bxc8 26. Rce1 Bxb2 27. Qe4+ Kb6 28. Nc4+ Kc7 29. Nxb2 d5 30. Qe2 Kc6
31. Rf5 Re8 32. Re5 Qf6 33. g4 Re7 34. Rf1 Qg7 35. Na4 Re8 36. Qe3 Qg6 37. Qxc5+ Kb7 38. Qb6+ Ka8 39. Rxd5 Bb7 40. Rxa5+ Kb8
41. Qd6+ Kc8 42. Nb6#
1-0

[Event "hadrians wall tournament"]
[Site "SchemingMind.com"]
[Date "2013.09.19"]
[Round "-"]
[White "Shoeless418"]
[Black "simpet"]
[Result "1-0"]
[WhiteCountry "USA"]
[BlackCountry "ENG"]
[WhiteElo "1617"]
[WhiteRD "100"]
[BlackElo "1710"]
[BlackRD "63"]
[GameID "338613"]

1. Nf3 Nc6 2. c4 Nf6 3. b3 d6 4. Bb2 Bg4 5. h3 Bh5 6. Nh4 e5 7. g4 Bg6 8. Nxg6 fxg6 9. Bg2 Qd7 10. a3 Be7
11. e3 O-O 12. g5 Nh5 13. h4 Qf5 14. Qe2 Qc2 15. d3 Qxb3 16. Nc3 Qb6 17. Nd5 Qa5+ 18. Bc3 Qa4 19. Nxc7 Rac8 20. Nd5 Bd8
21. Bh3 Rb8 22. Be6+ Kh8 23. Rg1 Ba5 24. Qb2 Nd8 25. Bg4 Bxc3+ 26. Nxc3 Qc6 27. Bxh5 gxh5 28. Ke2 Qf3+ 29. Kf1 Qh3+ 30. Ke1 Qxh4
31. Ne4 Rf3 32. Nxd6 Rxe3+ 33. Kf1 Nc6 34. c5 Rxd3 35. Qa2 g6 36. Nf7+ Kg7 37. Nh6 Rf3 38. Rd1 Rbf8 39. Rd7+ Kh8 40. Nf7+ R8xf7
41. Rxf7 Rxf7 42. Qxf7 Qh3+ 43. Ke1 Qc3+ 44. Kf1 Qxc5 45. Qxb7 Nd4 46. Kg2 e4 47. Rb1 Qxg5+ 48. Kf1 Nf3 49. Qc8+ Kg7 50. Rb7+ Kf6
51. Qc6+ Kf5 52. Rf7+ Ke5 53. Qe8+ Kd4 54. Rd7+ Kc3 55. Qc8+ Kb3 56. Rb7+ Ka4 57. Rxa7+ Kb3 58. Rb7+ Ka4 59. Qc4+ Ka5 60. Qb4+
1-0

[Event "hadrians wall tournament"]
[Site "SchemingMind.com"]
[Date "2013.09.30"]
[Round "-"]
[White "Michal Drus"]
[Black "kenneth m day"]
[Result "0-1"]
[WhiteCountry "POL"]
[BlackCountry "USA"]
[WhiteElo "1586"]
[WhiteRD "74"]
[BlackElo "1807"]
[BlackRD "52"]
[GameID "338910"]

1. e4 e5 2. Nf3 Nc6 3. Bb5 f5 4. Bxc6 dxc6 5. Nxe5 Qd4 6. Qh5+ g6 7. Nxg6 hxg6 8. Qxg6+ Kd8 9. d3 Ne7 10. Bg5 Qxb2
11. Qf6 Qxf6 12. Bxf6 Rg8 13. O-O fxe4 14. dxe4 Bh3 15. Rd1+ Ke8 16. g3 Rd8 17. Rxd8+ Kxd8 18. Nc3 Kc8 19. f3 Ng6 20. Rd1 Bc5+
21. Bd4 Bxd4+ 22. Rxd4 Ne5 23. Kf2 Rf8 24. Ne2 Rxf3+ 25. Ke1 Rf1+ 26. Kd2 Nf3+
0-1

[Event "hadrians wall tournament"]
[Site "SchemingMind.com"]
[Date "2013.11.04"]
[Round "-"]
[White "kenneth m day"]
[Black "Scooter"]
[Result "1/2-1/2"]
[WhiteCountry "USA"]
[BlackCountry "USA"]
[WhiteElo "1785"]
[WhiteRD "53"]
[BlackElo "1727"]
[BlackRD "49"]
[GameID "341288"]

1. e4 c6 2. c4 d5 3. cxd5 cxd5 4. exd5 Qxd5 5. d4 Nc6 6. Nf3 Bg4 7. Nc3 Qd8 8. Bb5 Nf6 9. O-O e6 10. Qd3 Bxf3
11. Qxf3 Qc7 12. Re1 Be7 13. Bf4 Bd6 14. Bxd6 Qxd6 15. Rad1 O-O 16. d5 exd5 17. Nxd5 Nxd5 18. Rxd5 Qb4 19. Qc3 Qxc3 20. bxc3 Rfe8
21. Rdd1 a6 22. Ba4 b5 23. Bb3 Rad8 24. f4 Na5 25. Rxd8=
1/2-1/2

[Event "hadrians wall tournament"]
[Site "SchemingMind.com"]
[Date "2013.11.05"]
[Round "-"]
[White "Scooter"]
[Black "kenneth m day"]
[Result "0-1"]
[WhiteCountry "USA"]
[BlackCountry "USA"]
[WhiteElo "1727"]
[WhiteRD "49"]
[BlackElo "1785"]
[BlackRD "53"]
[GameID "341290"]

1. d4 d5 2. Nf3 c5 3. Bf4 Nf6 4. e3 Nc6 5. c3 e6 6. Bb5 Bd6 7. Bxd6 Qxd6 8. O-O O-O 9. Nbd2 Bd7 10. Bxc6 bxc6
11. Ne5 cxd4 12. cxd4 c5 13. Nxd7 Nxd7 14. dxc5 Nxc5 15. Nc4 Qa6 16. Ne5 Qd6 17. Rc1 Qxe5 18. Rxc5 Qxb2 19. Qc2 Qxc2 20. Rxc2 Rac8
21. Rfc1 Rxc2 22. Rxc2 Rb8 23. Kf1 f6 24. Ke2 Rb7 25. Kd3 Kf7 26. f4 Ke7 27. g4 Kd6 28. h4 e5 29. fxe5+ fxe5 30. e4 d4
31. g5 Rc7 32. Rxc7 Kxc7 33. Kc4 Kd6
0-1

[Event "hadrians wall tournament"]
[Site "SchemingMind.com"]
[Date "2013.11.20"]
[Round "-"]
[White "Shoeless418"]
[Black "SAMAEL"]
[Result "0-1"]
[WhiteCountry "USA"]
[BlackCountry "CAN"]
[WhiteElo "1653"]
[WhiteRD "102"]
[BlackElo "1737"]
[BlackRD "65"]
[GameID "342289"]

1. Nf3 Nf6 2. g3 Nc6 3. c4 d6 4. Bg2 e5 5. d3 Be7 6. Nc3 h6 7. a3 a6 8. b4 Bd7 9. Nd2 O-O 10. h3 Rc8
11. Nde4 Nxe4 12. Bxe4 Kh8 13. Nd5 f5 14. Bg2 Nb8 15. h4 c6 16. Nxe7 Qxe7 17. e3 Be6 18. e4 Nd7 19. Bb2 Qf7 20. Qe2 f4
21. gxf4 Qxf4 22. Bc1 Qg4 23. Qxg4 Bxg4 24. Ra2 Bf3 25. Rg1 Bxg2 26. Rxg2 Rf3 27. Ke2 Rcf8 28. Be3 R3f7 29. Ra1 Nf6 30. f4 exf4
31. Bxf4 Nxe4 32. Bxh6 Rf2+ 33. Rxf2 Rxf2+ 34. Ke3 gxh6 35. dxe4 Rh2 36. Kd4 Rxh4 37. a4 Kg7 38. Kd3 Rg4 39. c5 d5 40. exd5 cxd5
41. b5 Rc4 42. bxa6 bxa6 43. Ra3 Rxc5 44. Kd4 Rc4+ 45. Kxd5 Rg4 46. a5 h5 47. Kc6 h4 48. Kb6 Rg3 49. Ra1 Rg6+ 50. Kb7 Kh6
51. Rc1 Kh5 52. Rh1 Rh6 53. Rg1 h3 54. Rc1 Rg6 55. Rc4 h2 56. Rc5+ Kh4 57. Rc4+ Kh3 58. Rc3+ Rg3 59. Rxg3+ Kxg3 60. Kxa6 h1=Q
61. Ka7 Kf4 62. a6 Qc6
0-1

[Event "hadrians wall tournament"]
[Site "SchemingMind.com"]
[Date "2013.11.20"]
[Round "-"]
[White "SAMAEL"]
[Black "Shoeless418"]
[Result "0-1"]
[WhiteCountry "CAN"]
[BlackCountry "USA"]
[WhiteElo "1721"]
[WhiteRD "68"]
[BlackElo "1676"]
[BlackRD "101"]
[GameID "342292"]

1. e4 Nf6 2. d3 d6 3. Nf3 h6 4. h3 g5 5. Nc3 a6 6. a3 Bg7 7. Be2 c5 8. Bd2 b5 9. O-O Qb6 10. Rb1 Nc6
11. Kh1 Be6 12. Nh2 Nd4 13. f4 Nxe2 14. Nxe2 g4 15. f5 Bd7 16. Nxg4 Nxg4 17. hxg4 O-O-O 18. b3 f6 19. Be3 e6 20. b4 Qc7
21. c3 h5 22. Kg1 hxg4 23. fxe6 Bxe6 24. Qc2 Bh6 25. Qd2 Bxe3+ 26. Qxe3 Qg7 27. Qf4 Kc7 28. Qxf6 Qxf6 29. Rxf6 Bc8 30. Rbf1 Rh7
31. Rf7+ Rxf7 32. Rxf7+ Rd7 33. Rxd7+ Bxd7 34. Kf2 Kc6 35. Nf4 a5 36. Nd5 Be6 37. bxa5 Kb7 38. Nf6 Ka6 39. Kg3 Kxa5 40. Nxg4 Ka4
41. Ne3 Kxa3 42. Kf2 Kb3 43. Nf5 Kxc3 44. Nxd6 b4 45. Ke3 b3 46. Nb5+ Kb4 47. Kd2 Kxb5 48. Kc3 Ka4 49. Kb2 Bg4
0-1

[Event "hadrians wall tournament"]
[Site "SchemingMind.com"]
[Date "2014.02.06"]
[Round "-"]
[White "Shoeless418"]
[Black "kenneth m day"]
[Result "1-0"]
[WhiteCountry "USA"]
[BlackCountry "USA"]
[WhiteElo "1684"]
[WhiteRD "102"]
[BlackElo "1767"]
[BlackRD "48"]
[GameID "347312"]

1. Nf3 d5 2. g3 c5 3. c3 Nc6 4. c4 d4 5. Bg2 Nf6 6. Qc2 e5 7. e3 Bd7 8. a3 Bd6 9. b3 O-O 10. Bb2 Re8
11. O-O Bg4 12. h3 Bh5 13. g4 Bg6 14. d3 e4 15. dxe4 dxe3 16. fxe3 Bxe4 17. Qf2 Nd7 18. Nh4 Bxg2 19. Qxf7+
1-0

[Event "hadrians wall tournament"]
[Site "SchemingMind.com"]
[Date "2014.02.05"]
[Round "-"]
[White "kenneth m day"]
[Black "Shoeless418"]
[Result "1-0"]
[WhiteCountry "USA"]
[BlackCountry "USA"]
[WhiteElo "1769"]
[WhiteRD "48"]
[BlackElo "1714"]
[BlackRD "103"]
[GameID "347313"]

1. e4 Nf6 2. e5 Nd5 3. d4 d6 4. c4 Nb6 5. f4 g6 6. Nc3 Bg7 7. Nf3 Bg4 8. Be2 Bxf3 9. Bxf3 c6 10. b3 dxe5
11. fxe5 e6 12. Ba3 Qh4+ 13. g3 Qg5 14. Ne4 Qe3+ 15. Kf1 Qh6 16. Nd6+ Kd7 17. Bc1 Qh3+ 18. Bg2 Qh5 19. Qxh5 gxh5 20. Nxb7 Na6
21. Na5 Nb4 22. Bd2 Nc2 23. Rc1 Nxd4 24. Bc3 Bxe5 25. Rd1 Rac8 26. Bxd4 Bxd4 27. Rxd4+ Kc7 28. Nxc6 a6 29. Kf2 Rce8 30. Ne5 f6
31. Nc6 e5 32. Rd2 f5 33. Re1 e4 34. Bxe4 fxe4 35. Nd4 h4 36. g4 h5 37. g5 Rhf8+ 38. Ke2 Rg8 39. Rg1 Re5 40. g6 Nc8
41. Ke3 Ne7 42. g7 Nc8 43. Rf2 Ree8 44. Rf4 Re7 45. Rxe4 Rf7 46. Rxh4 Nd6 47. Rxh5 Kb7 48. Rhg5 Re8+ 49. Kd3 Rg8 50. h4 Rf2
51. a4 Nf7 52. Rf5 Rxf5 53. Nxf5 Ne5+ 54. Ke4 Nd7 55. b4 Nf6+ 56. Ke5 Nh5 57. Rg5 Nxg7 58. Rxg7+
1-0